Methods of testing vulcanized rubber. Part C 1. Determination of surface resistivity of insulating soft vulcanized rubber and ebonite. (Record no. 73207)

MARC details
000 -LEADER
fixed length control field 00481nam a2200145Ia 4500
245 #0 - TITLE STATEMENT
Title Methods of testing vulcanized rubber. Part C 1. Determination of surface resistivity of insulating soft vulcanized rubber and ebonite.
260 ## - PUBLICATION, DISTRIBUTION, ETC. (IMPRINT)
Year of publication 1956
500 ## - GENERAL NOTE
General note Standard number: BS 903 Part C 1
650 ## - SUBJECT ADDED ENTRY--TOPICAL TERM
Topical Term Ebonite
650 ## - SUBJECT ADDED ENTRY--TOPICAL TERM
Topical Term Soft vulcanized rubber
650 ## - SUBJECT ADDED ENTRY--TOPICAL TERM
Topical Term Surface resistivity
650 ## - SUBJECT ADDED ENTRY--TOPICAL TERM
Topical Term Vulcanized rubber
942 ## - ADDED ENTRY ELEMENTS (KOHA)
Koha item type Standards
Holdings
Withdrawn status Lost status Damaged status Not for loan Collection code Home library Current library Date acquired Koha item type
      Standards British standards RRII Library RRII Library 31/12/2021 Standards